[Event "Nova Gorica op 28th"]
[Site "Nova Gorica"]
[Date "2024.01.30"]
[Round "6"]
[White "Lavrencic, Matic"]
[Black "Budai, Leonardo"]
[Result "1-0"]
[WhiteElo "2299"]
[BlackElo "1847"]
[PlyCount "103"]
[EventDate "2024.01.26"]
[EventType "swiss"]
[EventRounds "9"]
[EventCountry "SLO"]
[SourceTitle "CB06_2024"]
[SourceDate "2024.02.07"]
[SourceVersion "1"]
[SourceVersionDate "2024.02.07"]
[SourceQuality "1"]

1. Nf3 d5 2. e3 Nf6 3. c4 e6 4. b3 c5 5. cxd5 exd5 6. Bb2 Nc6 7. Bb5 Be7 8. 0-0 0-0 9. d4 Bg4 10. dxc5 Bxc5 11. Nc3 Qd6 12. h3 Bh5 13. Be2 Rfd8 14. Nb5 Qe7 15. Rc1 Ne4 16. Nfd4 Bxe2 17. Qxe2 Bxd4 18. Nxd4 Nxd4 19. Bxd4 b6 20. Rc2 Ng5 21. Rfc1 Ne6 22. Qd2 Qd7 23. Qc3 h6 24. a4 Rab8 25. Kh2 f6 26. Kg1 Rb7 27. Qd3 Kf7 28. h4 Nxd4 29. Qxd4 Qd6 30. h5 Rbd7 31. Rd1 Qe5 32. Qg4 Qe4 33. Qe2 Qe5 34. Rd4 Qf5 35. g4 Qe5 36. Qd3 Qd6 37. Kg2 Kf8 38. Rd2 Qe6 39. Qc3 Ke7 40. Qc2 Kf8 41. Qg6 Qf7 42. Qf5 Ke8 43. Rc2 Rd6 44. Kf3 Qd7 45. Kf4 Qxf5+ 46. Kxf5 R6d7 47. Kg6 Kf8 48. Rcd2 Ke7 49. e4 f5 50. Rxd5 Rxd5 51. Rxd5 Rf8 52. Rxf5 1-0

[Event "Nova Gorica op 28th"]
[Site "Nova Gorica"]
[Date "2024.01.27"]
[Round "2"]
[White "Budai, Leonardo"]
[Black "Mestek, Igor"]
[Result "1-0"]
[WhiteElo "1847"]
[BlackElo "2080"]
[PlyCount "83"]
[EventDate "2024.01.26"]
[EventType "swiss"]
[EventRounds "9"]
[EventCountry "SLO"]
[SourceTitle "CB06_2024"]
[SourceDate "2024.02.07"]
[SourceVersion "1"]
[SourceVersionDate "2024.02.07"]
[SourceQuality "1"]

1. e4 c5 2. Nf3 a6 3. c4 Nc6 4. Nc3 d6 5. d3 g6 6. Be3 Bg7 7. Be2 e5 8. 0-0 Rb8 9. a4 Nge7 10. Qd2 h6 11. Ne1 Nd4 12. Bd1 g5 13. a5 0-0 14. h4 f6 15. Nd5 Ng6 16. h5 Nf4 17. Bxd4 cxd4 18. g4 Ne6 19. Nb6 Bd7 20. Nc2 Nc5 21. Nb4 Bc6 22. f3 Rf7 23. Bc2 Bf8 24. Rfc1 Kg7 25. N4d5 Ne6 26. Ba4 Nc5 27. Bc2 Nd7 28. b4 Nxb6 29. Nxb6 Qe8 30. Ba4 Be7 31. Bxc6 Qxc6 32. Qb2 f5 33. b5 Qe8 34. exf5 e4 35. fxe4 Bf6 36. Nd5 Qe5 37. Qh2 Qxh2+ 38. Kxh2 Be5+ 39. Kg2 Rc8 40. bxa6 bxa6 41. Rcb1 Rff8 42. Rb6 1-0

[Event "ITA-ch U20"]
[Site "Tarvisio"]
[Date "2023.07.06"]
[Round "6"]
[White "Budai, Leonardo"]
[Black "Rubini, Alessandro1111"]
[Result "1/2-1/2"]
[WhiteElo "1872"]
[BlackElo "1647"]
[PlyCount "47"]
[EventDate "2023.07.02"]
[EventType "swiss"]
[EventRounds "9"]
[EventCountry "ITA"]
[SourceTitle "EXT 2024"]
[Source "ChessBase"]
[SourceDate "2023.10.10"]
[SourceVersion "1"]
[SourceVersionDate "2023.10.10"]
[SourceQuality "1"]

1. e4 c5 2. Nf3 d6 3. d4 cxd4 4. Nxd4 Nf6 5. Nc3 a6 6. f3 e5 7. Nb3 Be6 8. Nd5 Nxd5 9. exd5 Bf5 10. Bd3 Bxd3 11. Qxd3 Be7 12. Be3 Nd7 13. 0-0 0-0 14. c4 Rc8 15. Rac1 Bg5 16. Qd2 Bxe3+ 17. Qxe3 a5 18. Rf2 b6 19. Nd2 f5 20. Nb1 Qh4 21. g3 Qh3 22. Qe2 Rf6 23. Nd2 Rg6 24. Rg2 1/2-1/2

[Event "ITA-ch U20"]
[Site "Tarvisio"]
[Date "2023.07.04"]
[Round "3"]
[White "Cibellis, Lorenzo"]
[Black "Budai, Leonardo"]
[Result "1-0"]
[WhiteElo "1581"]
[BlackElo "1872"]
[PlyCount "99"]
[EventDate "2023.07.02"]
[EventType "swiss"]
[EventRounds "9"]
[EventCountry "ITA"]
[SourceTitle "EXT 2024"]
[Source "ChessBase"]
[SourceDate "2023.10.10"]
[SourceVersion "1"]
[SourceVersionDate "2023.10.10"]
[SourceQuality "1"]

1. e4 e5 2. Nf3 Nc6 3. Bc4 Bc5 4. c3 Nf6 5. d3 d6 6. 0-0 0-0 7. Re1 Re8 8. Nbd2 Bb6 9. Nf1 Ne7 10. Ng3 Ng6 11. Qb3 Qe7 12. Be3 Be6 13. Bxe6 Qxe6 14. Qxe6 fxe6 15. Bxb6 axb6 16. d4 exd4 17. Nxd4 Ne5 18. f3 Kf7 19. Red1 g5 20. h3 h5 21. b3 h4 22. Nh1 Nh5 23. Ne2 Ke7 24. Nf2 Ra3 25. Nd3 Nxd3 26. Rxd3 Rea8 27. Nc1 Nf4 28. Rd2 Ng6 29. Rb1 Nf4 30. Rbb2 b5 31. Ne2 Nxe2+ 32. Rxe2 e5 33. Kf2 Kd7 34. g3 Rf8 35. gxh4 gxh4 36. Ke3 Rg8 37. Rg2 Raa8 38. Rg4 Rxg4 39. fxg4 c5 40. g5 Ke6 41. Kf3 c4 42. Kg4 Rf8 43. Kxh4 Rf4+ 44. Kh5 Rxe4 45. g6 Kf6 46. Rf2+ Rf4 47. Rxf4+ exf4 48. Kh6 b4 49. g7 bxc3 50. g8Q 1-0

[Event "Forni di Sopra op 14th"]
[Site "Forni di Sopra"]
[Date "2023.06.13"]
[Round "5"]
[White "Budai, Leonardo"]
[Black "Novak, Rok"]
[Result "1-0"]
[WhiteElo "1866"]
[BlackElo "1832"]
[PlyCount "73"]
[EventDate "2023.06.10"]
[EventType "swiss"]
[EventRounds "9"]
[EventCountry "ITA"]
[SourceTitle "CBM 214 Extra"]
[Source "ChessBase"]
[SourceDate "2023.07.31"]
[SourceVersion "1"]
[SourceVersionDate "2023.07.31"]
[SourceQuality "1"]

1. e4 c6 2. d4 d5 3. e5 Bf5 4. h4 h5 5. Bd3 Bxd3 6. Qxd3 Qa5+ 7. Bd2 Qa6 8. Qxa6 Nxa6 9. e6 f6 10. Nh3 Nh6 11. Nf4 Nf5 12. c3 Nc7 13. f3 0-0-0 14. Kf2 Rd6 15. Ng6 Rg8 16. Bf4 Rxe6 17. Nd2 Kd8 18. a4 Nd6 19. Nb3 Na6 20. Nc5 Nxc5 21. dxc5 Nc8 22. a5 a6 23. Ra4 Ke8 24. Rb4 Kf7 25. Nxf8 Rxf8 26. Rxb7 Rd8 27. Rb8 Rg8 28. Ra8 g5 29. hxg5 fxg5 30. Bc7 Rh6 31. Rxa6 Re8 32. Ra8 Rhh8 33. Be5 Rhg8 34. a6 Nd6 35. Rxe8 Nxe8 36. a7 Nf6 37. Bb8 1-0

[Event "Forni di Sopra op 14th"]
[Site "Forni di Sopra"]
[Date "2023.06.11"]
[Round "2"]
[White "Rasti, Arvin"]
[Black "Budai, Leonardo"]
[Result "1-0"]
[WhiteElo "2263"]
[BlackElo "1866"]
[PlyCount "67"]
[EventDate "2023.06.10"]
[EventType "swiss"]
[EventRounds "9"]
[EventCountry "ITA"]
[SourceTitle "CBM 214 Extra"]
[Source "ChessBase"]
[SourceDate "2023.07.31"]
[SourceVersion "1"]
[SourceVersionDate "2023.07.31"]
[SourceQuality "1"]

1. d4 d5 2. Nc3 Nf6 3. Bf4 Bf5 4. Qd2 e6 5. f3 Nc6 6. g4 Bg6 7. h4 h6 8. e3 Bd6 9. Bb5 Bxf4 10. Bxc6+ bxc6 11. exf4 Nd7 12. Kf2 Nb6 13. b3 Qd6 14. Nge2 0-0-0 15. h5 Bh7 16. Nd1 c5 17. Nb2 c4 18. a4 Qc6 19. Qc3 Nd7 20. bxc4 dxc4 21. Qxc4 Qxc4 22. Nxc4 Bxc2 23. Rhc1 Bd3 24. Nd6+ Kb8 25. Nxf7 Rhf8 26. Nxd8 Rxd8 27. Ra3 Bxe2 28. Kxe2 Nf6 29. Re3 Nd5 30. Re4 Rf8 31. Kf2 Nxf4 32. Kg3 Nd5 33. Rxe6 Rd8 34. a5 1-0

[Event "Forni di Sopra op 14th"]
[Site "Forni di Sopra"]
[Date "2023.06.10"]
[Round "1"]
[White "Budai, Leonardo"]
[Black "Zucchelli, Massimo"]
[Result "1-0"]
[WhiteElo "1866"]
[BlackElo "2141"]
[PlyCount "75"]
[EventDate "2023.06.10"]
[EventType "swiss"]
[EventRounds "9"]
[EventCountry "ITA"]
[SourceTitle "CBM 214 Extra"]
[Source "ChessBase"]
[SourceDate "2023.07.31"]
[SourceVersion "1"]
[SourceVersionDate "2023.07.31"]
[SourceQuality "1"]

1. e4 e6 2. d4 d5 3. exd5 exd5 4. Bd3 Nc6 5. c3 Bd6 6. Nf3 Nge7 7. 0-0 Bg4 8. Re1 Qd7 9. b4 0-0-0 10. a4 Rde8 11. Be3 Nf5 12. Nbd2 Nxe3 13. fxe3 Re7 14. Qb3 Rhe8 15. Kf2 Bf5 16. Bb5 Be4 17. a5 a6 18. Ba4 Qg4 19. Qa2 Qf5 20. b5 axb5 21. Bxb5 Bd3 22. g4 Qg6 23. Qxd5 Bxb5 24. Qxb5 Na7 25. Qc4 Qxg4 26. a6 b6 27. Qd5 Kd7 28. Ne5+ Rxe5 29. dxe5 Rxe5 30. Qg2 Qh4+ 31. Ke2 Rg5 32. Qf2 Qh5+ 33. Nf3 Rc5 34. Kd2 Qd5+ 35. Nd4 Nb5 36. a7 Nxc3 37. Qf5+ Qxf5 38. Nxf5 1-0

[Event "Nova Gorica op 27th"]
[Site "Nova Gorica"]
[Date "2023.03.19"]
[Round "4"]
[White "Pasini, Nicolo"]
[Black "Budai, Leonardo"]
[Result "1-0"]
[WhiteElo "2209"]
[BlackElo "1918"]
[PlyCount "55"]
[EventDate "2023.03.16"]
[EventType "swiss"]
[EventRounds "9"]
[EventCountry "SLO"]
[SourceTitle "CBM 213 Extra"]
[Source "ChessBase"]
[SourceDate "2023.05.31"]
[SourceVersion "1"]
[SourceVersionDate "2023.05.31"]
[SourceQuality "1"]

1. e4 e5 2. Nf3 Nc6 3. Bc4 Bc5 4. c3 Nf6 5. d3 d6 6. 0-0 0-0 7. Re1 Re8 8. h3 h6 9. Nbd2 Bb6 10. Nf1 Ne7 11. Qb3 Rf8 12. Ng3 Ng6 13. d4 c6 14. Qc2 Qc7 15. Be3 Re8 16. Bd3 Bd7 17. Rad1 Rad8 18. Nf1 Nh5 19. N1d2 Nhf4 20. Bf1 Be6 21. Nc4 Bxc4 22. Bxc4 d5 23. Bb3 dxe4 24. Bxf4 exf3 25. Qxg6 exf4 26. gxf3 Qd7 27. Kh2 Re7 28. Rg1 1-0

[Event "Nova Gorica op-A 26th"]
[Site "Nova Gorica"]
[Date "2022.09.18"]
[Round "4"]
[White "Lohia, Sohum"]
[Black "Budai, Leonardo"]
[Result "1-0"]
[WhiteElo "2185"]
[BlackElo "1676"]
[PlyCount "59"]
[EventDate "2022.09.16"]
[EventType "swiss"]
[EventRounds "9"]
[EventCountry "SLO"]
[SourceTitle "CBM 210 Extra"]
[Source "ChessBase"]
[SourceDate "2022.11.30"]
[SourceVersion "1"]
[SourceVersionDate "2022.11.30"]
[SourceQuality "1"]

1. e4 e5 2. Nf3 Nc6 3. Bb5 a6 4. Ba4 Nf6 5. d3 b5 6. Bb3 Be7 7. 0-0 0-0 8. c3 d6 9. h3 Na5 10. Bc2 c5 11. d4 cxd4 12. cxd4 Qc7 13. Nc3 Bb7 14. d5 Rac8 15. a3 Nc4 16. Nd2 Nb6 17. Bd3 Nfd7 18. Nb3 Qd8 19. a4 bxa4 20. Nxa4 Nc5 21. Naxc5 dxc5 22. Bxa6 Bxa6 23. Rxa6 f5 24. Na5 Rf6 25. Nc6 Qc7 26. Ra7 Rxc6 27. Rxc7 R6xc7 28. d6 Rd7 29. Qb3+ Kh8 30. dxe7 1-0